Statistiques concernant Les 20 villes les plus peuplées de Centre-Val-de-Loire

Cliquez ici pour prendre le quiz!

Statistiques générales

  • Ce quiz a été pris 69 fois
  • Le résultat moyen est 12 sur 20

Statistiques - réponses

Population Ville % Correct
132 677 / Indre-et-LoireTours
98%
113 089 / LoiretOrléans
98%
72 434 / CherBourges
95%
49 598 / IndreChâteauroux
93%
40 402 / Eure-et-LoirChartres
91%
49 062 / Loir-et-CherBlois
89%
31 822 / Eure-et-LoirDreux
70%
29 723 / CherVierzon
70%
15 025 / LoiretMontargis
68%
36 551 / Indre-et-LoireJoué-lès-Tours
61%
17 709 / Loir-et-CherVendôme
61%
18 353 / Loir-et-CherRomorantin-Lanthenay
50%
20 702 / LoiretFleury-les-Aubrais
45%
15 757 / Indre-et-LoireSaint-Pierre-des-Corps
43%
19 209 / LoiretOlivet
41%
16 560 / LoiretSaint-Jean-de-la-Ruelle
30%
17 757 / LoiretSaint-Jean-de-Braye
30%
15 321 / LoiretGien
29%
16 096 / Indre-et-LoireSaint-Cyr-sur-Loire
27%
17 723 / Eure-et-LoirLucé
23%

Distribution des résultats

Percentile by Number Answered

% des personnes avec chaque résultat

Votre développement - résultats

Vous n’avez pas pris ce quiz